000 00507nam a2200181Ia 4500
008 090124s9999 xx 000 0 und d
082 _b9591
_a262
100 _aकर्वे चि. श्री.
245 _a निळे आकाश
250 _a1
260 _c1957
300 _a139
600 _aकर्वे चि. श्री.
630 _a निळे आकाश
700 _aकर्वे चि. श्री.
730 _a निळे आकाश
942 _cBOOK
999 _c123645
_d123645